| 000 | 00464nam a22001577a 4500 | ||
|---|---|---|---|
| 082 |
_a840.9 _bKHA |
||
| 100 | _aYusuf Hussain Khan | ||
| 245 | _aFrancisi Adab | ||
| 260 |
_aKarachi: _bCiti Book Point, _c2020 |
||
| 300 |
_a336 p. _c22cm. |
||
| 563 | _aHB. | ||
| 880 |
_6100-01\(3\r _aیوسف حسین خان |
||
| 880 |
_6245-02\(03\r _aفرانسیسی ادب |
||
| 880 |
_6260-03\(03\r _aکراچی: _bسٹی بُک پوائنٹ _c2020 |
||
| 942 |
_2ddc _cBK |
||
| 999 |
_c614311 _d614311 |
||